Online Catalogue and eLibrary

Investigating Women's Rights Violations: (Record no. 4991)

MARC details
000 -LEADER
fixed length control field 00578nam a2200193Ia 4500
005 - DATE AND TIME OF LATEST TRANSACTION
control field 20250122011923.0
008 - FIXED-LENGTH DATA ELEMENTS--GENERAL INFORMATION
fixed length control field 240331s9999 xx 000 0 und d
020 ## - INTERNATIONAL STANDARD BOOK NUMBER
ISBN 29220084337
082 ## - DDC Classification
Item Number - Author Mark CAL
DDC Edition Number 6587
Class No. 305.4
100 ## - MAIN ENTRY--PERSONAL NAME
Personal name Callamard, A
245 #0 - TITLE STATEMENT
Title Investigating Women's Rights Violations:
Remainder of title in Armed Conflicts
260 ## - PUBLICATION, DISTRIBUTION, ETC.
Place of publication, distribution, etc. Ontario
Name of publisher, distributor, etc. Amnesty International
Date of publication, distribution, etc. 2001
260 ## - PUBLICATION, DISTRIBUTION, ETC.
Place of publication, distribution, etc. Quebec
Name of publisher, distributor, etc. International Centre for Human Rights and Democratic Development
Date of publication, distribution, etc. 2001
300 ## - PHYSICAL DESCRIPTION
Extent (e.g. Volumes, Pages etc.) 224 p.,
650 ## - SUBJECT ADDED ENTRY--TOPICAL TERM
Topical term or geographic name entry element Women
650 ## - SUBJECT ADDED ENTRY--TOPICAL TERM
Topical term or geographic name entry element Women's Rights
650 ## - SUBJECT ADDED ENTRY--TOPICAL TERM
Topical term or geographic name entry element Sexual Violence
942 ## - Koha item type (Biblio)
Koha item type Books in Stacks (Lending)
Holdings
Lost status Damaged status Collection code Home library Current library Shelving location Date acquired Full call number Accession Number Item type
    Lending WERC Library WERC Library Social Science Cupboard 03/31/2024 305.4 CAL 6587 Books in Stacks (Lending)

© WERC Library